000 00703nam a2200169Ia 4500
008 090711s9999 xx 000 0 und d
082 _b78665
100 _aपेंडसे श्री. ना.
245 _aतुंबाडाSो खोत भा. 3 व 4 - (खंड 2 रा)
260 _bकॉन्टीनेन्टल प्रकाशन
_c1994
300 _a625/1358
600 _aपेंडसे श्री. ना.
630 _aतुंबाडाSो खोत भा. 3 व 4 - (खंड 2 रा)
700 _aपेंडसे श्री. ना.
730 _aतुंबाडाSो खोत भा. 3 व 4 - (खंड 2 रा)
942 _cBOOK
999 _c290627
_d290627